| 000 | 00902cam a2200301 4500 | ||
|---|---|---|---|
| 005 | 20260322212027.0 | ||
| 008 | data | ||
| 010 | _a 72012057 | ||
| 020 | _a0670492612 | ||
| 020 | _a9780670492619 | ||
| 040 |
_aDLC _cDLC _dDLC |
||
| 043 | _an-us--- | ||
| 050 | 0 | 0 |
_aNA737.J4 _bG84 1973 |
| 082 | 0 | 0 | _a720/.92/4 |
| 092 | _a720 G84 1973 | ||
| 100 | 1 | _aGuinness, Desmond. | |
| 245 | 1 | 0 |
_aMr. Jefferson, architect _cDesmond Guinness & Julius Trousdale Sadler. |
| 260 |
_aNew York, _bViking Press _c[1973] |
||
| 300 |
_a177 p. _billus. _c29 cm. |
||
| 350 | _a{dollar}14.95 | ||
| 490 | 0 | _aA Studio book | |
| 600 | 1 | 0 |
_aJefferson, Thomas, _d1743-1826. |
| 650 | 0 |
_aArchitecture, Colonial _zUnited States. |
|
| 700 | 1 |
_aSadler, Julius Trousdale, _ejoint author. |
|
| 906 |
_a7 _bcbc _corignew _d2 _eocip _f19 _gy-gencatlg |
||
| 991 |
_bc-GenColl _hNA737.J4 _iG84 1973 _p00017844337 _tCopy 1 _wBOOKS |
||
| 001 | data | ||
| 999 |
_c624 _d624 |
||